00738nam a22002177a 450000500170000001000150001702000260003203500130005803700130007108200110008410000180009524500670011326000390018027000530021930000220027250000400029470000180033494200250035299900170037795201260039420150611145914.0 aENG-113005 a9788179104422c495.00 aEN-96537 bDBAD/PUB a303.61 aRawat, Rajesh aGandhi and non- violence /cby Rajesh Rawat [and] Ashok Sharma aJaipurbAavishkar Publishersc2013 a807, Vyas Building, Chaura RastabJaipure302003 ax,134p.c22cm(Hb) aIncludes bibliographical references aSharma, Ashok 2ddccENmRAWh303.61 c93495d93495 001040718NFICaDBADbDBADd2015-05-12eDBAD / PUBg495.00l0o303.61 RAWpEN-96537r2015-05-12 00:00:00t1v495.00yEN